Travel and tour operations in the Philippines / (Record no. 48363)
[ view plain ]
| 000 -LEADER | |
|---|---|
| fixed length control field | 00698nam a2200217Ia 4500 |
| 003 - CONTROL NUMBER IDENTIFIER | |
| control field | PILC |
| 005 - DATE AND TIME OF LATEST TRANSACTION | |
| control field | 20160603143558.0 |
| 008 - FIXED-LENGTH DATA ELEMENTS--GENERAL INFORMATION | |
| fixed length control field | 140321s9999 xx 000 0 und d |
| 020 ## - INTERNATIONAL STANDARD BOOK NUMBER | |
| International Standard Book Number | 9719216000x |
| 050 ## - LIBRARY OF CONGRESS CALL NUMBER | |
| Classification number | G 155.5 |
| Item number | .C591 2013 |
| 100 ## - MAIN ENTRY--PERSONAL NAME | |
| Personal name | Claravall, Bienvenido G. |
| 245 ## - TITLE STATEMENT | |
| Title | Travel and tour operations in the Philippines / |
| Statement of responsibility, etc | Bienvenido G. Claravall. |
| 250 ## - EDITION STATEMENT | |
| Edition statement | 3rd edition. |
| 260 ## - PUBLICATION, DISTRIBUTION, ETC. (IMPRINT) | |
| Place of publication, distribution, etc | Manila : |
| Name of publisher, distributor, etc | Accumicro IT Solutions, |
| Date of publication, distribution, etc | 2013. |
| 300 ## - PHYSICAL DESCRIPTION | |
| Extent | 520 pages : |
| Dimensions | 23 cm. |
| Other physical details | illustrations ; |
| 500 ## - GENERAL NOTE | |
| General note | Includes index. |
| 650 ## - SUBJECT ADDED ENTRY--TOPICAL TERM | |
| Topical term or geographic name as entry element | Tourist trade |
| General subdivision | Vocational guidance. |
| 650 ## - SUBJECT ADDED ENTRY--TOPICAL TERM | |
| Topical term or geographic name as entry element | Travel Agents |
| General subdivision | Philippines --Study and Teaching (Higher). |
| 942 ## - ADDED ENTRY ELEMENTS (KOHA) | |
| Call number prefix | Local |
| Koha item type | Books |
| Source of classification or shelving scheme | Library of Congress Classification |
| Withdrawn status | Lost status | Damaged status | Home library | Current library | Shelving location | Date acquired | Total Checkouts | Total Renewals | Full call number | Barcode | Date last seen | Date checked out | Price effective from | Koha item type |
|---|---|---|---|---|---|---|---|---|---|---|---|---|---|---|
| College Library | College Library | Reserve Section | 03/21/2014 | 9 | 13 | G 155.5 .C591 2013 | C17646 | 12/17/2020 | 02/08/2020 | 03/21/2014 | Books |